Hauptstädte, die auf 's' enden - Statistiken

Allgemein
  • Dieses Quiz wurde 232 mal gespielt
  • Das Durchschnittsergebnis liegt bei 5 aus 12
Antwortstatistiken
Hauptstadt Land % Korrekt
Paris Frankreich
72%
Buenos Aires Argentinien
57%
Tunis Tunesien
56%
Caracas Venezuela
50%
Vilnius Litauen
47%
Tiflis Georgien
34%
Damaskus Syrien
31%
Tripolis Libyen
31%
Castries St. Lucia
29%
Port Louis Mauritius
19%
St. George's Grenada
18%
St. John's Antigua und Berbuda
17%
Keine übereinstimmenden Quizze gefunden
Verteilung der Resultate
Anzahl Personen mit jedem Resultat
Perzentil nach korrekt beantworteten Fragen
Ihre Resultats-Entwicklung
Sie haben dieses Quiz noch nicht gespielt